Labor and the American community. (Record no. 212822)
[ view plain ]
| 000 -LEADER | |
|---|---|
| fixed length control field | 00433nam a2200157Ia 4500 |
| 008 - FIXED-LENGTH DATA ELEMENTS--GENERAL INFORMATION | |
| fixed length control field | 210719s1974 xx 000 0 und d |
| 041 ## - LANGUAGE CODE | |
| Language code of text/sound track or separate title | eng |
| 082 ## - DEWEY DECIMAL CLASSIFICATION NUMBER | |
| Classification number | 331.0973 BOKL |
| 100 ## - MAIN ENTRY--PERSONAL NAME | |
| Personal name | BOK (Derek C) & DUNLOP (John T) |
| 245 ## - TITLE STATEMENT | |
| Title | Labor and the American community. |
| 260 ## - PUBLICATION, DISTRIBUTION, ETC. | |
| Place of publication, distribution, etc. | ND |
| Name of publisher, distributor, etc. | Affiliated East-West Prees Pvt. Ltd. |
| Date of publication, distribution, etc. | 1974 |
| 300 ## - PHYSICAL DESCRIPTION | |
| Extent | 542 |
| Other physical details | HB |
| 365 ## - TRADE PRICE | |
| Price amount | 15 |
| Currency code | Rs |
| 650 ## - SUBJECT ADDED ENTRY--TOPICAL TERM | |
| Topical term or geographic name entry element | Labour Economics |
| 906 ## - LOCAL DATA ELEMENT F, LDF (RLIN) | |
| a | American labour |
| Withdrawn status | Lost status | Damaged status | Not for loan | Collection code | Home library | Current library | Date acquired | Cost, normal purchase price | Total Checkouts | Full call number | Barcode | Date last seen | Price effective from | Koha item type |
|---|---|---|---|---|---|---|---|---|---|---|---|---|---|---|
| St Aloysius Library | St Aloysius Library | 05/17/1996 | 15.00 | 331.0973 BOKL | D00922 | 07/19/2021 | 07/19/2021 | Donated Books |